2004 yılı bütçe sunuş konuşması (Record no. 9830)

MARC details
000 -BAŞLIK
Sabit Uzunlukta Kontrol Alanı 00661na a2200229 4500
001 - KONTROL NUMARASI
Denetim Alanı 19861
003 - KONTROL NUMARASI IDENTIFIER
Denetim Alanı MIRAKIL
005 - SON İŞLEM TARİHİ VE ZAMANI
Denetim Alanı 20181213155258.0
008 - SABİT-BOY VERİ ELEMANLARI - GENEL BİLGİLER
Sabit Uzunlukta Kontrol Alanı 180117b tu 000 0
035 ## - SİSTEM KONTROL NUMARASI
Sistem Kontrol Numarası 19861
040 ## - KATALOGLAMA KAYNAK
Orijinal Kataloglama Ajansı Milas
Kataloglama Dili tur
Metne Dönüştürmek Ajansı TR-AnCHP
041 ## - DİL KODU
Metin / Ses Parça Veya Ayrı Başlığın Dil Kodu tur
082 ## - DEWEY ONLU SINIFLANDIRMA NUMARASI
Sınıflandırma Numarası 351.77256
Ürün Numarası U52i 2003
090 ## - SINIFLAMA NUMARASI
Sınıflama Numarası 351.77256 U52i 2003
100 ## - ANA GİRİŞ - KİŞİSEL İSİM
Kişisel Ad Unakıtan, Kemal
245 ## - BAŞLIK TABLOSU
Başlık 2004 yılı bütçe sunuş konuşması
Başlığın Kalan (TBMM Genel Kurulu)
Sorumluluk Tablosu, Vb Kemal Unakıtan
260 ## - YAYIN, DAĞITIM, VB
Yayın, Dağıtım, Vb Yeri [Ankara]
Yayıncı, Dağıtıcı, Vs Adı Maliye Bakanlığı
Yayın, Dağıtım, Vb Tarihi 2003
300 ## - FİZİKSEL TANIM
Kapsam 58 s.
Boyutlar 20 sm.
610 ## - KONU KATMA GİRİŞ - TOPLANTI ADI
Giriş Elemanı Olarak Kurumsal Ad Veya Yargı Alanı Adı Maliye Bakanlığı
Genel Alt Bölüm Bütçe görüşmeleri
650 ## - KONU KATMA GİRİŞ - TOPİKAL DÖNEM
Topikal Süreli Veya Coğrafi Ad Giriş Elemanı TBMM
Genel Alt Bölümü Meclis konuşmaları
942 ## - EKLENDİ GİRİŞ ELEMANLARI (KOHA)
Sınıflandırma Veya Raf Düzeni Kaynak Dewey Decimal Classification
Koha Öğesi Türü Books
999 ## - SİSTEM KONTROL NUMARALARI (KOHA)
Koha Biblionumber 9830
Koha Biblioitemnumber 9830
Holdings
Kalıcı Konum Mevcut Konum Edinme Tarihi Edinim Kaynak Toplam Check-Out'Lar Tam Çağrı Numarası Barkod Tarih Son Görülme İtibaren Geçerli Fiyatlar Koha Öğesi Türü
CHP Kütüphanesi CHP Kütüphanesi 12/28/2016 Bağış   351.77256 U52i 2003 010333 12/28/2016 12/28/2016 Books